000 00716nam a22002177a 4500
003 UA-OsUOA
001 79424
007 ta
008 20111109b un ||||| |||| 00| 0 ukr d
100 _aДорош О.
090 _a330(477)
_bД69
942 _cSA
040 _aUA-OsUOA
_bukr
_cUA-OsUOA
_dUA-OsUOA
245 _aгендерна рівність у контексті концепції гідної праці: стан, основні проблеми та шляхи їх вирішення
300 _aС.22-26
955 _a0
041 _aukr
080 _a330(477)
773 0 _w79419
_tУкраїна: аспекти праці
_dК.
_d2011
_g7
650 7 _a330 Економіка взагалі
_2UDC
999 _c365748
_d365748